[Event "XI Paracin Festival 2018"]
[Site "Paracin"]
[Date "2018.07.12"]
[Round "8"]
[White "Olcum, Ahmet"]
[Black "Abramovic, Bosko"]
[Result "0-1"]
[WhiteElo "2316"]
[BlackElo "2409"]
[Annotator "NA"]
[PlyCount "71"]
[EventDate "2018.07.06"]
[EventType "swiss"]
[EventCountry "SRB"]
[SourceTitle "playchess.com"]
[Source "ChessBase"]
[SourceQuality "1"]
[TimeControl "5400+30"]

1. d4 {[%emt 0:04:53]} c5 {[%emt 0:01:34]} 2. c3 {[%emt 0:03:22]} Qc7 {[%emt 0:00:39]} 3. Nf3 {[%emt 0:07:16]} g6 {[%emt 0:01:08]} 4. e4 {[%emt 0:04:54]} Bg7 {[%emt 0:00:18]} 5. Na3 {[%emt 0:03:23]} a6 {[%emt 0:01:24]} 6. dxc5 {[%emt 0:00:50]} Qxc5 {[%emt 0:00:43]} 7. Nc4 {[%emt 0:04:59]} Bh6 {[%emt 0:18:45]} 8. b4 {[%emt 0:02:12]} Qa7 {[%emt 0:03:15]} 9. Ng5 {[%emt 0:12:27]} b5 {[%emt 0:03:08]} 10. Be3 {[%emt 0:00:59]} Qb7 {[%emt 0:01:36]} 11. Na5 {[%emt 0:18:15]} Qc7 {[%emt 0:00:06]} 12. Qd5 {[%emt 0:13:09]} Bxg5 {[%emt 0:00:44]} 13. Bd4 {[%emt 0:05:34]} Bf6 14. Qxa8 {[%emt 0:10:02]} Bxd4 {[%emt 0:03:55]} 15. cxd4 {[%emt 0:00:12]} Qc3+ {[%emt 0:00:43]} 16. Ke2 {[%emt 0:00:01]} Qxa1 {[%emt 0:01:21]} 17. Qxb8 {[%emt 0:00:31]} Qc3 {[%emt 0:00:13]} 18. Qe5 {[%emt 0:04:31]} Nf6 {[%emt 0:00:17]} 19. Qc5 {[%emt 0:00:13]} Nxe4 {[%emt 0:00:55]} 20. Qxc3 {[%emt 0:00:33]} Nxc3+ {[%emt 0:00:11]} 21. Kd2 {[%emt 0:00:22]} Nxa2 {[%emt 0:04:46]} 22. Be2 {[%emt 0:00:15]} Nxb4 {[%emt 0:00:58]} 23. Bf3 {[%emt 0:00:53]} e6 {[%emt 0:00:37]} 24. Kc3 {[%emt 0:00:22]} Nc6 {[%emt 0:03:20]} 25. Nxc6 {[%emt 0:00:24]} dxc6 {[%emt 0:00:01]} 26. Kb4 {[%emt 0:00:11]} Kd7 {[%emt 0:00:40]} 27. Ka5 {[%emt 0:00:59]} Kc7 {[%emt 0:00:09]} 28. Rc1 {[%emt 0:01:03]} Bb7 {[%emt 0:01:52]} 29. d5 {[%emt 0:00:02]} exd5 {[%emt 0:00:15]} 30. Bxd5 {[%emt 0:00:02]} Rd8 {[%emt 0:03:05]} 31. Bxf7 {[%emt 0:00:10]} Rf8 {[%emt 0:00:22]} 32. Be6 {[%emt 0:00:32]} Rxf2 {[%emt 0:00:32]} 33. Rd1 {[%emt 0:00:05]} Bc8 {[%emt 0:00:28]} 34. Bxc8 {[%emt 0:00:02]} Kxc8 {[%emt 0:00:09]} 35. Kxa6 {[%emt 0:00:38]} Kc7 {[%emt 0:00:11]} 36. Rh1 0-1

[Event "XI Paracin Festival 2018"]
[Site "Paracin"]
[Date "2018.07.12"]
[Round "8"]
[White "Avalyan, Artur"]
[Black "Rahul Srivatshav P"]
[Result "1/2-1/2"]
[WhiteElo "2315"]
[BlackElo "2397"]
[Annotator "NA"]
[PlyCount "69"]
[EventDate "2018.07.06"]
[EventType "swiss"]
[EventCountry "SRB"]
[SourceTitle "playchess.com"]
[Source "ChessBase"]
[SourceQuality "1"]
[TimeControl "5400+30"]

1. d4 {[%emt 0:00:00]} Nf6 {[%emt 0:00:47]} 2. c4 {[%emt 0:00:00]} g6 {[%emt 0:01:09]} 3. Nc3 {[%emt 0:00:00]} Bg7 {[%emt 0:00:09]} 4. e4 {[%emt 0:00:00]} d6 {[%emt 0:00:06]} 5. Be2 {[%emt 0:00:05]} O-O {[%emt 0:00:06]} 6. Be3 {[%emt 0:00:06]} Nc6 {[%emt 0:00:04]} 7. d5 {[%emt 0:03:09]} Ne5 {[%emt 0:00:25]} 8. h3 {[%emt 0:00:22]} e6 {[%emt 0:00:02]} 9. Nf3 {[%emt 0:11:28]} Nxf3+ 10. Bxf3 {[%emt 0:00:44]} Nd7 {[%emt 0:00:39]} 11. Rc1 {[%emt 0:06:37]} f5 12. Qd2 {[%emt 0:11:23]} e5 {[%emt 0:26:22]} 13. Bg5 {[%emt 0:04:18]} Qe8 {[%emt 0:27:16]} 14. Nb5 {[%emt 0:14:55]} fxe4 {[%emt 0:01:40]} 15. Bxe4 {[%emt 0:01:20]} Qf7 {[%emt 0:03:16]} 16. O-O {[%emt 0:00:38]} Nc5 {[%emt 0:00:30]} 17. Bc2 {[%emt 0:08:22]} Bf5 {[%emt 0:05:16]} 18. Rce1 {[%emt 0:00:17]} a6 {[%emt 0:03:40]} 19. Nc3 {[%emt 0:02:53]} b5 {[%emt 0:00:11]} 20. b4 Nd7 21. Bb3 {[%emt 0:03:44]} bxc4 {[%emt 0:02:01]} 22. Bxc4 {[%emt 0:02:29]} a5 {[%emt 0:03:43]} 23. bxa5 {[%emt 0:08:53]} Nc5 {[%emt 0:01:29]} 24. g4 {[%emt 0:00:05]} Bd7 {[%emt 0:01:16]} 25. f4 {[%emt 0:03:15]} Qe8 {[%emt 0:00:42]} 26. fxe5 {[%emt 0:00:10]} Rxf1+ {[%emt 0:02:50]} 27. Bxf1 {[%emt 0:04:59]} dxe5 {[%emt 0:00:27]} 28. d6 {[%emt 0:00:24]} cxd6 {[%emt 0:00:13]} 29. Qxd6 {[%emt 0:00:57]} Ne6 {[%emt 0:00:48]} 30. Bc4 {[%emt 0:02:28]} Rc8 {[%emt 0:00:44]} 31. Bxe6+ {[%emt 0:01:49]} Qxe6 {[%emt 0:01:42]} 32. Ne4 {[%emt 0:00:42]} Qxd6 {[%emt 0:03:40]} 33. Nxd6 Rc6 {[%emt 0:01:34]} 34. Ne4 {[%emt 0:00:54]} Rc2 35. Nf6+ 1/2-1/2

[Event "XI Paracin Festival 2018"]
[Site "Paracin"]
[Date "2018.07.12"]
[Round "8"]
[White "Yordanov, Lachezar"]
[Black "Peng, Shunkai"]
[Result "1/2-1/2"]
[WhiteElo "2290"]
[BlackElo "2390"]
[Annotator "NA"]
[PlyCount "66"]
[EventDate "2018.07.06"]
[EventType "swiss"]
[EventCountry "SRB"]
[SourceTitle "playchess.com"]
[Source "ChessBase"]
[SourceQuality "1"]
[TimeControl "5400+30"]

1. d4 {[%emt 0:01:15]} Nf6 {[%emt 0:00:07]} 2. c4 {[%emt 0:00:06]} e6 {[%emt 0:00:24]} 3. g3 {[%emt 0:00:08]} d5 {[%emt 0:01:46]} 4. Nf3 {[%emt 0:00:06]} Bb4+ {[%emt 0:02:16]} 5. Bd2 {[%emt 0:00:17]} Bd6 {[%emt 0:01:01]} 6. Nc3 {[%emt 0:00:15]} c6 {[%emt 0:01:01]} 7. Qc2 {[%emt 0:00:07]} Nbd7 {[%emt 0:07:46]} 8. e4 {[%emt 0:03:15]} dxe4 {[%emt 0:05:26]} 9. Nxe4 {[%emt 0:00:08]} Bc7 {[%emt 0:00:47]} 10. Bd3 {[%emt 0:07:03]} O-O {[%emt 0:09:15]} 11. Nxf6+ {[%emt 0:02:28]} Nxf6 {[%emt 0:00:27]} 12. O-O {[%emt 0:00:45]} h6 {[%emt 0:03:04]} 13. Rfd1 {[%emt 0:17:19]} a5 {[%emt 0:03:21]} 14. Rac1 {[%emt 0:03:05]} b6 {[%emt 0:09:06]} 15. Be4 {[%emt 0:02:16]} Bb7 {[%emt 0:06:56]} 16. c5 {[%emt 0:01:27]} b5 {[%emt 0:04:41]} 17. a3 {[%emt 0:02:41]} Qe7 {[%emt 0:06:44]} 18. Ne5 {[%emt 0:02:23]} Bxe5 {[%emt 0:04:44]} 19. dxe5 {[%emt 0:01:14]} Nxe4 {[%emt 0:00:07]} 20. Qxe4 {[%emt 0:00:05]} Rfd8 {[%emt 0:00:07]} 21. Be3 {[%emt 0:01:32]} Rd5 {[%emt 0:00:36]} 22. Rxd5 {[%emt 0:01:16]} exd5 {[%emt 0:00:14]} 23. Qf4 {[%emt 0:01:12]} Re8 {[%emt 0:05:08]} 24. Bd4 {[%emt 0:00:56]} Bc8 {[%emt 0:00:07]} 25. h4 {[%emt 0:00:28]} Qe6 {[%emt 0:00:42]} 26. Bc3 {[%emt 0:06:15]} a4 {[%emt 0:01:02]} 27. Bd4 {[%emt 0:02:02]} Qg6 {[%emt 0:12:07]} 28. f3 {[%emt 0:05:28]} Be6 {[%emt 0:02:37]} 29. Kf2 {[%emt 0:00:25]} Kf8 {[%emt 0:00:22]} 30. Qd2 {[%emt 0:01:31]} Ke7 {[%emt 0:02:31]} 31. Rh1 {[%emt 0:01:26]} h5 {[%emt 0:00:46]} 32. Qg5+ {[%emt 0:02:21]} Qxg5 {[%emt 0:00:16]} 33. hxg5 {[%emt 0:00:01]} g6 {[%emt 0:00:13]} 1/2-1/2

[Event "XI Paracin Festival 2018"]
[Site "Paracin"]
[Date "2018.07.12"]
[Round "8"]
[White "Gomes, Mary Ann"]
[Black "Radovanovic, Mihajlo"]
[Result "1-0"]
[WhiteElo "2284"]
[BlackElo "2402"]
[Annotator "NA"]
[PlyCount "86"]
[EventDate "2018.07.06"]
[EventType "swiss"]
[EventCountry "SRB"]
[SourceTitle "playchess.com"]
[Source "ChessBase"]
[SourceQuality "1"]
[TimeControl "5400+30"]

1. Nf3 {[%emt 0:00:00]} g6 {[%emt 0:00:00]} 2. g3 {[%emt 0:00:00]} Bg7 {[%emt 0:00:00]} 3. Bg2 {[%emt 0:00:00]} e5 {[%emt 0:01:40]} 4. e4 {[%emt 0:00:00]} c5 {[%emt 0:00:16]} 5. Nc3 {[%emt 0:00:38]} Ne7 {[%emt 0:00:33]} 6. d3 {[%emt 0:00:21]} Nbc6 {[%emt 0:01:40]} 7. Be3 {[%emt 0:00:42]} d6 {[%emt 0:00:21]} 8. Qd2 {[%emt 0:00:07]} Nd4 {[%emt 0:01:40]} 9. h3 {[%emt 0:02:51]} O-O {[%emt 0:04:59]} 10. g4 {[%emt 0:07:33]} Bd7 {[%emt 0:09:46]} 11. Nh2 {[%emt 0:09:54]} Bc6 {[%emt 0:04:58]} 12. Nd5 {[%emt 0:02:38]} Bxd5 {[%emt 0:01:58]} 13. exd5 {[%emt 0:00:11]} f5 {[%emt 0:00:10]} 14. Bg5 {[%emt 0:01:43]} Qe8 {[%emt 0:15:27]} 15. c3 {[%emt 0:02:09]} Nb5 {[%emt 0:00:05]} 16. h4 {[%emt 0:10:10]} e4 {[%emt 0:04:09]} 17. dxe4 {[%emt 0:00:55]} fxe4 {[%emt 0:00:14]} 18. O-O {[%emt 0:01:04]} Qf7 {[%emt 0:02:40]} 19. Bxe4 {[%emt 0:04:40]} Rae8 {[%emt 0:00:10]} 20. Rae1 {[%emt 0:07:42]} Nc7 {[%emt 0:00:50]} 21. c4 {[%emt 0:00:05]} b5 {[%emt 0:00:58]} 22. b3 {[%emt 0:00:06]} Nc8 {[%emt 0:01:33]} 23. Kg2 {[%emt 0:17:58]} bxc4 {[%emt 0:04:05]} 24. bxc4 {[%emt 0:00:07]} Nb6 {[%emt 0:00:05]} 25. Qc2 {[%emt 0:05:53]} Kh8 {[%emt 0:06:38]} 26. f3 {[%emt 0:10:18]} Rb8 {[%emt 0:02:53]} 27. Rb1 {[%emt 0:02:57]} Qe8 {[%emt 0:07:41]} 28. Rfe1 {[%emt 0:01:06]} Be5 {[%emt 0:04:29]} 29. Bh6 {[%emt 0:02:07]} Qd8 {[%emt 0:00:49]} 30. Kh3 {[%emt 0:04:26]} Rf7 {[%emt 0:01:17]} 31. Bg5 {[%emt 0:00:53]} Qd7 {[%emt 0:00:52]} 32. Rf1 {[%emt 0:01:17]} Rbf8 {[%emt 0:00:15]} 33. Bh6 {[%emt 0:00:16]} Re8 {[%emt 0:00:06]} 34. f4 {[%emt 0:00:26]} Bd4 {[%emt 0:00:33]} 35. Rfe1 {[%emt 0:00:53]} Qa4 {[%emt 0:07:38]} 36. Qxa4 {[%emt 0:02:02]} Nxa4 {[%emt 0:00:04]} 37. Bc2 {[%emt 0:01:49]} Nb2 {[%emt 0:00:57]} 38. Rxe8+ {[%emt 0:00:53]} Nxe8 {[%emt 0:00:01]} 39. Nf3 {[%emt 0:01:14]} Bc3 {[%emt 0:01:35]} 40. Bf5 {[%emt 0:00:42]} Ng7 {[%emt 0:02:02]} 41. Ng5 {[%emt 0:00:19]} Re7 {[%emt 0:00:15]} 42. Be6 {[%emt 0:00:41]} Nxe6 {[%emt 0:01:24]} 43. Nxe6 {[%emt 0:00:43]} Re8 {[%emt 0:01:37]} 1-0

[Event "XI Paracin Festival 2018"]
[Site "Paracin"]
[Date "2018.07.12"]
[Round "8"]
[White "Colovic, Dusan"]
[Black "Wadsworth, Matthew J"]
[Result "1-0"]
[WhiteElo "2279"]
[BlackElo "2377"]
[Annotator "NA"]
[PlyCount "119"]
[EventDate "2018.07.06"]
[EventType "swiss"]
[EventCountry "SRB"]
[SourceTitle "playchess.com"]
[Source "ChessBase"]
[SourceQuality "1"]
[TimeControl "5400+30"]

1. d4 {[%emt 0:00:00]} Nf6 {[%emt 0:00:54]} 2. Bf4 {[%emt 0:00:00]} c5 {[%emt 0:01:23]} 3. e3 {[%emt 0:00:46]} b6 {[%emt 0:02:32]} 4. c3 {[%emt 0:00:21]} Bb7 {[%emt 0:02:04]} 5. Nd2 {[%emt 0:00:14]} d6 {[%emt 0:02:21]} 6. Ngf3 {[%emt 0:01:30]} Nbd7 {[%emt 0:01:38]} 7. Bc4 {[%emt 0:06:35]} e6 {[%emt 0:05:20]} 8. O-O {[%emt 0:02:14]} Be7 {[%emt 0:01:52]} 9. Qe2 {[%emt 0:01:49]} a6 {[%emt 0:02:29]} 10. e4 {[%emt 0:02:32]} cxd4 {[%emt 0:12:42]} 11. cxd4 {[%emt 0:02:33]} d5 {[%emt 0:00:05]} 12. Bd3 {[%emt 0:00:53]} dxe4 {[%emt 0:01:08]} 13. Nxe4 {[%emt 0:00:08]} O-O {[%emt 0:03:35]} 14. Rac1 {[%emt 0:01:06]} Nxe4 {[%emt 0:05:28]} 15. Bxe4 {[%emt 0:05:44]} Bxe4 {[%emt 0:00:07]} 16. Qxe4 {[%emt 0:00:03]} Nf6 {[%emt 0:01:14]} 17. Qb7 {[%emt 0:05:09]} Nd5 {[%emt 0:04:52]} 18. Bg3 {[%emt 0:03:23]} Bf6 {[%emt 0:04:24]} 19. a3 {[%emt 0:04:20]} Qe7 {[%emt 0:05:34]} 20. Qxe7 {[%emt 0:07:54]} Bxe7 {[%emt 0:01:29]} 21. Rc6 {[%emt 0:01:33]} Rfd8 {[%emt 0:06:36]} 22. Rfc1 {[%emt 0:00:14]} h6 {[%emt 0:00:24]} 23. Kf1 {[%emt 0:00:52]} b5 {[%emt 0:02:06]} 24. Ke2 {[%emt 0:00:55]} Bf6 {[%emt 0:04:16]} 25. Bd6 {[%emt 0:02:54]} Be7 {[%emt 0:06:08]} 26. Bc7 {[%emt 0:04:30]} Re8 {[%emt 0:03:11]} 27. g3 {[%emt 0:00:38]} a5 {[%emt 0:06:02]} 28. Ne5 {[%emt 0:06:32]} a4 {[%emt 0:00:42]} 29. Bd6 {[%emt 0:01:18]} Bf6 {[%emt 0:02:54]} 30. f4 {[%emt 0:04:04]} Red8 {[%emt 0:01:04]} 31. Kd3 {[%emt 0:05:19]} h5 {[%emt 0:00:48]} 32. Ke4 {[%emt 0:02:44]} Ne7 {[%emt 0:06:37]} 33. Bxe7 {[%emt 0:01:17]} Bxe7 {[%emt 0:00:02]} 34. Rb6 {[%emt 0:00:15]} Rd5 {[%emt 0:01:45]} 35. Rb7 {[%emt 0:00:09]} Bf6 {[%emt 0:00:34]} 36. Rc5 {[%emt 0:00:06]} Rad8 {[%emt 0:01:11]} 37. Rxd5 {[%emt 0:03:59]} Rxd5 {[%emt 0:00:37]} 38. Rb8+ {[%emt 0:00:55]} Kh7 {[%emt 0:00:09]} 39. Rc8 {[%emt 0:00:13]} Bxe5 {[%emt 0:02:00]} 40. fxe5 {[%emt 0:00:06]} Rd7 {[%emt 0:00:12]} 41. Rb8 {[%emt 0:00:55]} Rd5 {[%emt 0:00:08]} 42. Rb7 {[%emt 0:00:14]} Kg6 {[%emt 0:00:08]} 43. h4 {[%emt 0:00:13]} f6 {[%emt 0:01:25]} 44. Re7 {[%emt 0:00:22]} b4 {[%emt 0:00:19]} 45. Rxe6 {[%emt 0:00:55]} Rb5 {[%emt 0:00:39]} 46. d5 {[%emt 0:03:34]} bxa3 {[%emt 0:00:48]} 47. bxa3 {[%emt 0:00:05]} Rb1 {[%emt 0:00:39]} 48. d6 {[%emt 0:01:15]} Re1+ {[%emt 0:00:29]} 49. Kd5 {[%emt 0:02:15]} Kf5 {[%emt 0:00:11]} 50. Re8 {[%emt 0:00:05]} Rd1+ {[%emt 0:00:50]} 51. Kc6 {[%emt 0:01:36]} Rc1+ {[%emt 0:00:02]} 52. Kb5 {[%emt 0:01:59]} Rd1 {[%emt 0:00:53]} 53. exf6 {[%emt 0:00:45]} gxf6 {[%emt 0:00:20]} 54. Kc6 {[%emt 0:01:08]} Rc1+ {[%emt 0:00:27]} 55. Kb7 {[%emt 0:00:38]} Rd1 {[%emt 0:00:28]} 56. Kc7 {[%emt 0:00:26]} Rc1+ {[%emt 0:00:05]} 57. Kd8 {[%emt 0:00:05]} Rc3 {[%emt 0:00:21]} 58. d7 {[%emt 0:00:19]} Rxa3 {[%emt 0:00:40]} 59. Ke7 {[%emt 0:00:05]} Re3+ {[%emt 0:00:06]} 60. Kf7 {[%emt 0:00:13]} 1-0

[Event "XI Paracin Festival 2018"]
[Site "Paracin"]
[Date "2018.07.12"]
[Round "8"]
[White "Popovic, Milan S"]
[Black "Sylvan, Jacob"]
[Result "1/2-1/2"]
[WhiteElo "2264"]
[BlackElo "2332"]
[Annotator "NA"]
[PlyCount "42"]
[EventDate "2018.07.06"]
[EventType "swiss"]
[EventCountry "SRB"]
[SourceTitle "playchess.com"]
[Source "ChessBase"]
[SourceQuality "1"]
[TimeControl "5400+30"]

1. d4 {[%emt 0:00:00]} Nf6 {[%emt 0:00:00]} 2. Nf3 {[%emt 0:00:00]} g6 {[%emt 0:00:05]} 3. Bg5 {[%emt 0:00:00]} Bg7 {[%emt 0:00:03]} 4. Nbd2 {[%emt 0:00:00]} O-O {[%emt 0:00:25]} 5. c3 {[%emt 0:00:00]} d6 {[%emt 0:00:13]} 6. e4 {[%emt 0:00:00]} c5 {[%emt 0:00:08]} 7. dxc5 {[%emt 0:00:00]} dxc5 {[%emt 0:00:05]} 8. Be2 {[%emt 0:00:10]} Nc6 {[%emt 0:00:13]} 9. h3 {[%emt 0:00:26]} Qc7 {[%emt 0:01:43]} 10. O-O {[%emt 0:00:28]} h6 {[%emt 0:02:10]} 11. Be3 {[%emt 0:00:08]} b6 {[%emt 0:00:20]} 12. Qc2 {[%emt 0:11:08]} Bb7 {[%emt 0:02:21]} 13. a4 {[%emt 0:03:51]} Rfd8 {[%emt 0:05:26]} 14. Rac1 {[%emt 0:01:35]} Rac8 {[%emt 0:01:12]} 15. Qb1 {[%emt 0:01:58]} Ne5 {[%emt 0:10:01]} 16. b4 {[%emt 0:23:58]} Nxf3+ {[%emt 0:02:26]} 17. Bxf3 {[%emt 0:00:11]} cxb4 {[%emt 0:01:15]} 18. cxb4 {[%emt 0:00:07]} Qe5 {[%emt 0:00:10]} 19. b5 {[%emt 0:18:42]} Ba8 {[%emt 0:09:51]} 20. Qb4 {[%emt 0:11:11]} Nd7 {[%emt 0:18:18]} 21. Nb3 {[%emt 0:15:23]} Bb7 {[%emt 0:03:28]} 1/2-1/2

[Event "XI Paracin Festival 2018"]
[Site "Paracin"]
[Date "2018.07.12"]
[Round "8"]
[White "Ivic, Matija"]
[Black "Tomic, Aleksandar"]
[Result "0-1"]
[WhiteElo "2245"]
[BlackElo "2347"]
[Annotator "NA"]
[PlyCount "50"]
[EventDate "2018.07.06"]
[EventType "swiss"]
[EventCountry "SRB"]
[SourceTitle "playchess.com"]
[Source "ChessBase"]
[SourceQuality "1"]
[TimeControl "5400+30"]

1. d4 {[%emt 0:00:00]} Nf6 {[%emt 0:04:50]} 2. Nf3 {[%emt 0:00:00]} e6 {[%emt 0:00:30]} 3. c4 {[%emt 0:00:57]} Bb4+ {[%emt 0:02:17]} 4. Bd2 {[%emt 0:00:15]} a5 {[%emt 0:00:24]} 5. g3 c5 {[%emt 0:00:12]} 6. Nc3 {[%emt 0:03:25]} cxd4 {[%emt 0:03:53]} 7. Nxd4 {[%emt 0:00:42]} Nc6 {[%emt 0:01:01]} 8. Nc2 {[%emt 0:02:26]} d5 {[%emt 0:05:24]} 9. cxd5 {[%emt 0:01:01]} exd5 {[%emt 0:00:28]} 10. Bg2 {[%emt 0:00:57]} O-O {[%emt 0:02:21]} 11. O-O {[%emt 0:00:26]} h6 {[%emt 0:01:41]} 12. Bf4 {[%emt 0:02:30]} Be6 {[%emt 0:07:16]} 13. Nxb4 {[%emt 0:03:49]} axb4 {[%emt 0:00:42]} 14. Nb5 {[%emt 0:00:12]} Qb6 {[%emt 0:02:30]} 15. a4 {[%emt 0:10:16]} bxa3 {[%emt 0:01:04]} 16. Nc7 {[%emt 0:00:17]} Qxb2 {[%emt 0:06:36]} 17. Rb1 {[%emt 0:02:50]} Qc3 {[%emt 0:01:21]} 18. Nxa8 {[%emt 0:00:52]} Rxa8 {[%emt 0:01:48]} 19. Rb3 {[%emt 0:00:59]} Qc4 {[%emt 0:03:06]} 20. Rxb7 {[%emt 0:01:02]} a2 {[%emt 0:02:06]} 21. Qa1 {[%emt 0:00:09]} Nd4 {[%emt 0:01:55]} 22. Rb8+ {[%emt 0:05:34]} Rxb8 {[%emt 0:01:15]} 23. Bxb8 {[%emt 0:00:02]} Nxe2+ {[%emt 0:01:51]} 24. Kh1 {[%emt 0:00:05]} d4 {[%emt 0:00:31]} 25. Qb2 {[%emt 0:01:04]} Nd5 {[%emt 0:03:22]} 0-1

[Event "XI Paracin Festival 2018"]
[Site "Paracin"]
[Date "2018.07.12"]
[Round "8"]
[White "Ninov, Dayan"]
[Black "Pantelic, Sasa"]
[Result "1-0"]
[WhiteElo "2229"]
[BlackElo "2316"]
[Annotator "NA"]
[PlyCount "75"]
[EventDate "2018.07.06"]
[EventType "swiss"]
[EventCountry "SRB"]
[SourceTitle "playchess.com"]
[Source "ChessBase"]
[SourceQuality "1"]
[TimeControl "5400+30"]

1. e4 {[%emt 0:04:01]} c5 {[%emt 0:00:00]} 2. c4 {[%emt 0:01:04]} Nc6 {[%emt 0:00:06]} 3. Ne2 {[%emt 0:02:52]} g6 {[%emt 0:01:48]} 4. d4 {[%emt 0:00:48]} cxd4 {[%emt 0:01:50]} 5. Nxd4 {[%emt 0:00:04]} Bg7 {[%emt 0:00:35]} 6. Be3 {[%emt 0:00:02]} Nf6 {[%emt 0:05:03]} 7. Nc3 {[%emt 0:00:34]} O-O {[%emt 0:15:33]} 8. Be2 {[%emt 0:00:11]} d6 {[%emt 0:01:19]} 9. O-O {[%emt 0:00:10]} Bd7 {[%emt 0:00:14]} 10. Qd2 {[%emt 0:00:20]} Rc8 {[%emt 0:03:19]} 11. f3 {[%emt 0:00:21]} a6 {[%emt 0:00:33]} 12. Rfd1 {[%emt 0:02:46]} Re8 {[%emt 0:08:18]} 13. Rab1 {[%emt 0:05:42]} Ne5 {[%emt 0:09:19]} 14. b3 {[%emt 0:00:36]} Qc7 {[%emt 0:00:44]} 15. Rbc1 {[%emt 0:01:33]} Qa5 {[%emt 0:01:59]} 16. Bf1 {[%emt 0:01:25]} Nc6 {[%emt 0:02:31]} 17. a4 {[%emt 0:14:55]} Nxd4 {[%emt 0:05:40]} 18. Bxd4 {[%emt 0:02:04]} Be6 {[%emt 0:00:53]} 19. Qb2 {[%emt 0:14:43]} Nh5 {[%emt 0:15:00]} 20. Bxg7 {[%emt 0:03:33]} Nxg7 {[%emt 0:00:06]} 21. Kh1 {[%emt 0:00:51]} Qb4 {[%emt 0:03:45]} 22. Na2 {[%emt 0:08:16]} Qb6 {[%emt 0:02:33]} 23. Nc3 {[%emt 0:02:46]} Nh5 {[%emt 0:03:25]} 24. Re1 {[%emt 0:13:15]} Bxc4 {[%emt 0:05:31]} 25. Bxc4 {[%emt 0:01:24]} Rxc4 {[%emt 0:00:06]} 26. a5 {[%emt 0:04:29]} Qb4 {[%emt 0:00:10]} 27. Nd5 {[%emt 0:00:14]} Rxc1 {[%emt 0:00:13]} 28. Rxc1 {[%emt 0:00:03]} Qxa5 {[%emt 0:00:36]} 29. Nxe7+ {[%emt 0:00:22]} Kf8 {[%emt 0:01:56]} 30. Nd5 {[%emt 0:03:32]} Ng7 {[%emt 0:00:34]} 31. Nf6 {[%emt 0:00:38]} Rd8 {[%emt 0:02:26]} 32. Nxh7+ {[%emt 0:00:09]} Kg8 {[%emt 0:00:05]} 33. Nf6+ {[%emt 0:00:27]} Kf8 {[%emt 0:00:01]} 34. Nd5 {[%emt 0:01:13]} Qb5 {[%emt 0:04:08]} 35. Qf6 {[%emt 0:01:55]} Qe8 {[%emt 0:01:33]} 36. Qh4 {[%emt 0:03:45]} Nh5 {[%emt 0:00:13]} 37. g4 {[%emt 0:00:14]} Rc8 {[%emt 0:00:07]} 38. Qe7+ {[%emt 0:00:47]} 1-0

[Event "XI Paracin Festival 2018"]
[Site "Paracin"]
[Date "2018.07.12"]
[Round "8"]
[White "Parnali, S Dharia"]
[Black "Milosevic, Milos"]
[Result "0-1"]
[WhiteElo "2170"]
[BlackElo "2315"]
[Annotator "NA"]
[PlyCount "58"]
[EventDate "2018.07.06"]
[EventType "swiss"]
[EventCountry "SRB"]
[SourceTitle "playchess.com"]
[Source "ChessBase"]
[SourceQuality "1"]
[TimeControl "5400+30"]

1. d4 Nf6 2. g3 c5 3. d5 b5 4. Bg2 d6 5. Nd2 g6 6. e4 Nbd7 7. Ne2 Bg7 8. O-O O-O 9. a4 b4 10. h3 a5 11. Re1 Nb6 12. c4 bxc3 13. Nxc3 Ba6 14. Qc2 Rb8 15. Bf1 Bxf1 16. Nxf1 Qd7 17. Kg2 e6 18. dxe6 Qxe6 19. Bf4 Nh5 20. Bd2 Nc4 21. b3 Nxd2 22. Nxd2 Bd4 23. Nc4 f5 24. Rad1 f4 25. Nb5 fxg3 26. Nxd4 Nf4+ 27. Kf3 cxd4 28. fxg3 Qxh3 29. Rh1 Nh5+ 0-1